1598 1306 1373 1613 1341 1876 1592 1258 1069 1181 1848 1715 1917 1318 1996 1475 1641 1248 1373 1049 1239 1227 1022 1199 1276 1867 1657 1335 1574 1315 1762 1163 1571 1417 1271 1659 1392 1343 1373 1506 1925 1774 1955 1154 1763 1097 1259 1929 1672 1774 1813 1454 1320 1620 1340 1343 1498 1846 1225 1981 1470 1513 1339 1558 1787 1954 1766 1805 1206 1780 1550 1812 1239 1501 1658 1453 1560 1856 1407 1910 1747 1794 1272 1599 1022 1024 1502 1620 1494 1206 1602 1278 1626 1060 1548 1226 1833 1807 1618 BCNSPRNW ULIB Ver.6.0+V

เปลี่ยนเป็นภาษาไทย

Change to English
 แสดงรายละเอียดบรรณานุกรม
  กลับหน้าหลัก

Brief Record : Get Marc (ISO 2709) : E-mail record : QR code < ปิดหน้าต่าง
LEADER : 00000nam 2200000uu 4500
001    13399112209
003     ULIB
008    110801s2554||||th 000 0 tha d
024    9786165010085
090    นว.^bป111ส 2554
100 0  ป.ศิลา
245 00 สะดุดรักที่พักกอง^c ป.ศิลา
260    กรุงเทพฯ:^bPrincess, ^c2554.
300    384 หน้า
945    ^p240^l0^i18463
995    เกษร
999 ^a ใช้งานได้ทุกระบบ
รายการนี้ยังไม่มีแท็ก
คุณยังไม่ได้ล็อกอิน คุณสามารถมีกิจกรรมร่วมกับเว็บไซต์ได้ แต่ต้องล็อกอินก่อน ::
  ล็อกอิน

รายการสื่อสารสนเทศ

ลำดับที่ ประเภท เลขเรียก/บาร์โค้ด สถานที่ สถานะ
1. วิทยาศาสตร์การแพทย์ และสุขภาพ
วิทยาศาสตร์การแพทย์ และสุขภาพ
นว. ป111ส 2554  
  Barcode: 18463
ห้องสมุดวิทยาเขตสวรรค์ประชารักษ์
►นวนิยาย
บนชั้น
  ขอยืม

รายการใกล้เคียง
    ผู้แต่ง [ป.ศิลา]

BibComment


ยังไม่เคยถูกคอมเมนท์

คอมเมนท์ทรัพยากรรายการนี้
  คอมเมนท์: สะดุดรักที่พักกอง..


 Copyright 2026. Bcnsprnw @Library